| 000 | 02371cam a22004574i 4500 | ||
|---|---|---|---|
| 003 | PE-LiUPU | ||
| 005 | 20250731173126.0 | ||
| 008 | 150623s r 000 0 d | ||
| 035 | _a(Sirsi) a25938 | ||
| 040 |
_aPE-LiUPU _bspa _cPE-LiUPU _erda |
||
| 082 | 0 | 4 |
_a263.1 _bM58 _221 |
| 100 | 1 |
_aMillgram, Abraham Ezra, _d1901-, _eautor. |
|
| 245 | 1 | 0 |
_aSabbath : _bthe day of delight / _cAbraham Ezra. Millgram. |
| 250 | _b | ||
| 264 | 1 |
_aPhiladelphia : _bThe Jewish Publication Society of America, _c1965. |
|
| 300 |
_a495 páginas : _bilustraciones fotos, gráficos ; _c21 cm. |
||
| 336 |
_atext _2rdacontent |
||
| 337 |
_aunmediated _2rdamedia |
||
| 338 |
_avolume _2rdacarrier |
||
| 490 | 0 | _aThe Jewish Publication Society) | |
| 500 | _aGlosario: (A-Z). | ||
| 504 | _aIncluye bibliografía. | ||
| 505 | 0 | _aThe sabbath in practice. The traditional sabbath. The sabbath in the home. Sabbath customs in the home. Home service for the sabbath. The sabbath hour for children. The sabbath in the synagogue the late friday evening services. The 'oneg shabbat. The law of the sabbath. Sabbath spice. The sabbath in literature, art and music: The sabbath in the Bible. The sabbath in judaeo-hellenistic literature. The sabbath in the talmud and the midrash. The sabbath in medieval Jewish literature. The sabbath in modern Jewish literature. The sabbath in the short story. The sabbath in Jewish poetry. The sabbath in music. The sabbath in art. The sabbath in history: The origin and development of the sabbath. The struggle for the preservation of the sabbath. The Jewish sabbath and the christian sunday. Sabbath observance on the far-flung jewish communities. Music suppplement. | |
| 526 | _aSEG42 | ||
| 526 | _aSEG41 | ||
| 526 | _aSEG40 | ||
| 526 | _aSEG39 | ||
| 526 | _aP94 | ||
| 526 | _aP87 | ||
| 526 | _aP86 | ||
| 526 | _aP85 | ||
| 526 | _aP77 | ||
| 526 | _aP76 | ||
| 526 | _aP35 | ||
| 650 | 0 | 4 |
_aSábado _xObservancia. |
| 942 |
_2ddc _cBOOK |
||
| 949 |
_a263.1 M58 _wDEWEY _c1 _i51209 _lCCODEBUL1 _mBUL _p113.00 _r0 _sY _tBOOK _u2015-06-24 _xTEOLOGIA _PP35 _0COMPRA _o.STAFF. Colección General |
||
| 596 | _a1 | ||
| 999 |
_a263.1 M58 _wDEWEY _c32914 _i51209 _f2021-11-10 _g5 _lCCODEBUL1 _mBUL _p113.00 _r0 _sY _tBOOK _u2015-6-24 _xTEOLOGIA _PP35 _0COMPRA _o.STAFF. Colección General _d32914 |
||
| 980 |
_81 _gALBERTO SANCHEZ Responsable de Automatización |
||